000 00666nam a22002297a 4500
003 UA-OsUOA
001 78216
007 ta
008 20111004b un ||||| |||| 00| 0 ukr d
100 _aМалік Є.О.
700 _aСтепура М.М.
090 _a330(477)
_bМ19
942 _cSA
040 _aUA-OsUOA
_bukr
_cUA-OsUOA
_dUA-OsUOA
245 _aМакрофінансова стабілізація в Україні у сучасних умовах
300 _aС.119
955 _a0
041 _aukr
080 _a330(477)
773 0 _w77854
_tФінанси України
_dК.
_d2011
_g5
650 7 _a330 Економіка взагалі
_2UDC
999 _c364524
_d364524